[Event "Havana Giraldilla op"]
[White "Gutierrez Marcillan, Eros"]
[Black "Nunez Espinosa, Ervin"]
[Site "Havana"]
[Round "8"]
[Result "1-0"]
[Date "2024.08.16"]
[WhiteElo "1611"]
[BlackElo "1560"]
[PlyCount "91"]
[EventDate "2024.08.12"]
[EventType "swiss"]
[EventRounds "9"]
[EventCountry "CUB"]
[SourceTitle "CBM 221 Extra"]
[Source "ChessBase"]
[SourceDate "2024.09.30"]
[SourceVersion "1"]
[SourceVersionDate "2024.09.30"]
[SourceQuality "1"]

1. e4 d6 2. d4 Nf6 3. Nc3 g6 4. Be3 Bg7 5. Qd2 Ng4 6. Bf4 e5 7. dxe5 Nxe5 8. 0-0-0 Be6 9. h4 h5 10. g3 Nbc6 11. Nh3 Nc4 12. Bxc4 Bxc4 13. Ng5 f6 14. Nf3 Be6 15. Nd4 Nxd4 16. Qxd4 0-0 17. Qe3 Kh7 18. Nb5 Qd7 19. Nd4 Bf7 20. Nf3 Rae8 21. Qd3 Qc6 22. Nd2 d5 23. exd5 Qxd5 24. Qxd5 Bxd5 25. Rhe1 c5 26. Nb3 Bf3 27. Rxe8 Rxe8 28. Rg1 c4 29. Nd4 Bd5 30. Nb5 Re7 31. Nxa7 Bh6 32. Bxh6 Kxh6 33. Nb5 Bc6 34. Nd4 Bd5 35. Kd2 Re5 36. Re1 Rf5 37. Nxf5+ gxf5 38. Kc3 f4 39. gxf4 Kg6 40. Kd4 Bc6 41. Kxc4 Kf5 42. b4 Kxf4 43. b5 Be4 44. Rxe4+ Kxe4 45. a4 Kf4 46. a5 1-0

[Event "Havana Giraldilla op"]
[White "Basulto Casanova, Laura"]
[Black "Nunez Espinosa, Ervin"]
[Site "Havana"]
[Round "7"]
[Result "0-1"]
[Date "2024.08.15"]
[WhiteElo "1425"]
[BlackElo "1560"]
[PlyCount "126"]
[EventDate "2024.08.12"]
[EventType "swiss"]
[EventRounds "9"]
[EventCountry "CUB"]
[SourceTitle "CBM 221 Extra"]
[Source "ChessBase"]
[SourceDate "2024.09.30"]
[SourceVersion "1"]
[SourceVersionDate "2024.09.30"]
[SourceQuality "1"]

1. e4 d6 2. d4 Nf6 3. Nc3 g6 4. f4 Bg7 5. Nf3 0-0 6. e5 dxe5 7. fxe5 Nd5 8. Nxd5 Qxd5 9. Be2 Nc6 10. 0-0 b6 11. Be3 Bb7 12. Qe1 f6 13. Qh4 Nb4 14. c4 Qe4 15. Qxe4 Bxe4 16. Bd2 Nd3 17. Bxd3 Bxd3 18. Rfc1 c5 19. e6 f5 20. Bc3 Bxc4 21. dxc5 Bxc3 22. Rxc3 Bxe6 23. cxb6 axb6 24. Rc6 Bd5 25. Rxb6 Rxa2 26. Rd1 e6 27. Ng5 Re8 28. Rd3 h6 29. Nf3 Kf7 30. Ne5+ Kg7 31. h4 Re7 32. Rg3 g5 33. hxg5 hxg5 34. b4 Kf6 35. Nf3 g4 36. Nd4 Rb7 37. Rxb7 Bxb7 38. b5 Rb2 39. Kf1 e5 40. Ne2 Rxb5 41. Rd3 Rd5 42. Rc3 Rd6 43. Rc7 Ba6 44. Kf2 Bxe2 45. Kxe2 f4 46. Kf2 Kf5 47. Rc2 g3+ 48. Ke2 e4 49. Rc8 Ra6 50. Rf8+ Rf6 51. Rg8 Ke5 52. Rd8 f3+ 53. gxf3 exf3+ 54. Kf1 Rd6 55. Rxd6 Kxd6 56. Kg1 Ke5 57. Kh1 Ke4 58. Kg1 Ke3 59. Kf1 g2+ 60. Kg1 Ke2 61. Kh2 f2 62. Kxg2 f1Q+ 63. Kh2 Qf5 0-1